000 01642nam0a2200385 4500
001 RU\NLR\bibl\396877
005 20250622162457.0
021 _aRU
_b2002-68948
_93339
035 _a(NLR Aleph) 000391101
090 _a516118
_c516118
100 _a20030421d2002 |||y0rusy50 ca
101 0 _arus
102 _aRU
105 _ay |||||||||
200 1 _aБалансовые модели как инструмент анализа проблем земельной ренты
_fМ. И. Вирченко, Н. В. Шестакова
210 _aНовосибирск
_cИзд-во Ин-та математики
_d2002
215 _a27 с.
_d28
225 1 _aПрепринт
_fРос. акад. наук. Сиб. отд-ние, Ин-т математики им. С. Л. Соболева
_vN 107
320 _aБиблиогр.: с. 23
606 0 _aЗемельная рента
_xМатематические методы
_92231449
_3RU\NLR\auth\661339329
610 0 _aЗемельная рента - Математическое моделирование
610 0 _aЗемли - Оценка - Математические методы
675 _a332.68:519.868
_v3
_zrus
686 _a06.61
_2rugasnti
686 _a65.32-5
_2rubbk
686 _aУ32(2)-92в611
700 1 _aВирченко
_bМ. И.
_gМария Ивановна
_4070
701 1 _aШестакова
_bН. В.
_gНадежда Васильевна
_4070
801 0 _aRU
_bRKP
_c20030421
_gPSBO
801 1 _aRU
_bRKP
_c20030421
801 2 _aRU
_bNLR
_c20030618
_grcr
830 _aАвт. по кн.
942 _cBOOK
980 _aNB